=LDR 00000nam 2200000 4500 =001 NUTBA000000000001733 =005 20140514104330.0 =006 =007 =008 =020 ##$$a 978-979-1133-77-7 =035 ##$$0010-051400000000198 =082 ##$$a 642 =090 ##$$a 642 Kho m =100 ##$$a Khomsan. Ali $c Prof, Ir, MS. =245 ##$$a Menu Sehat Dan Lezat Golongan Darah AB, Khomsan. Ali =250 ##$$aCet.2 =260 ##$$a Jakarta $b Puspa Sehat $c 2007 =300 ##$$a vi, 82 hlm $b ilus $c 25 =850 ##$$a NBPNMAT =990 ##$$a 21602013/BPAP-NTB/2017